Tabla de nombramientos en la elección canónica del Convento de de San Francisco, en el año de 1722

Detalles Bibliográficos
Formato: Libro
Publicado: Puebla de los Ángeles, 1722
Materias:
Colección:Banco de datos
Acervo:Biblioteca Palafoxiana. Colección de Manuscritos
Descripción Física:7 f. ; 21.5 x 30.5 cm.
Tema general:Civil
LEADER 00420nam a22001330004500
035 |a 2427 
245 1 0 |a Tabla de nombramientos en la elección canónica del Convento de de San Francisco, en el año de 1722 
260 |a Puebla de los Ángeles, 1722 
300 |a 7 f. ; 21.5 x 30.5 cm. 
650 1 0 |a Civil 
949 |a R186/036 
942 |c PALAMANU 
943 |g Biblioteca Palafoxiana. Colección de Manuscritos 
999 |c 1070372  |d 1070372